[Event "Viljandi Raud Memorial 57th"]
[Site "Viljandi"]
[Date "2023.07.07"]
[Round "7"]
[White "Lauk, Ular"]
[Black "Oim, Mikk Kaarel"]
[Result "1-0"]
[WhiteElo "2369"]
[BlackElo "1606"]
[PlyCount "97"]
[EventDate "2023.07.02"]
[EventType "swiss"]
[EventRounds "9"]
[EventCountry "EST"]
[SourceTitle "CBM 215 Extra"]
[Source "ChessBase"]
[SourceDate "2023.09.30"]
[SourceVersion "1"]
[SourceVersionDate "2023.09.30"]
[SourceQuality "1"]

1. e4 e5 2. Nf3 Nc6 3. Bb5 a6 4. Ba4 Nf6 5. 0-0 Be7 6. Re1 b5 7. Bb3 0-0 8. d4 d6 9. c3 Bb7 10. Nbd2 Nd7 11. Nf1 Bf6 12. Ne3 Na5 13. Bc2 g6 14. Ng4 Bg7 15. Nh6+ Kh8 16. h4 c5 17. d5 Nc4 18. b3 Ncb6 19. Bg5 f6 20. Be3 Nc8 21. h5 g5 22. Nf5 h6 23. a4 Ndb6 24. Qe2 bxa4 25. bxa4 a5 26. Nd2 Ne7 27. Nxe7 Qxe7 28. Reb1 Ba6 29. Bd3 Bxd3 30. Qxd3 Rfb8 31. Rb5 Qc7 32. c4 Bf8 33. Qb3 Be7 34. Rb1 Bd8 35. Nf1 Qc8 36. Ng3 Bc7 37. Nf5 Qf8 38. Bd2 Nc8 39. Qc2 Rxb5 40. Rxb5 Bb6 41. Qb1 Ra6 42. Qd1 Ra7 43. Qg4 Bd8 44. Nxh6 Nb6 45. Bxa5 Nxc4 46. Bxd8 Qxd8 47. Qe6 Qf8 48. Nf5 Rh7 49. Qxf6+ 1-0

[Event "Viljandi Raud Memorial 57th"]
[Site "Viljandi"]
[Date "2023.07.06"]
[Round "6"]
[White "Oim, Mikk Kaarel"]
[Black "Sadekov, Maksim"]
[Result "1/2-1/2"]
[WhiteElo "1606"]
[BlackElo "2036"]
[PlyCount "101"]
[EventDate "2023.07.02"]
[EventType "swiss"]
[EventRounds "9"]
[EventCountry "EST"]
[SourceTitle "CBM 215 Extra"]
[Source "ChessBase"]
[SourceDate "2023.09.30"]
[SourceVersion "1"]
[SourceVersionDate "2023.09.30"]
[SourceQuality "1"]

1. e4 e6 2. d4 d5 3. Nd2 Nf6 4. e5 Nfd7 5. Bd3 c5 6. c3 Nc6 7. Ngf3 f6 8. exf6 Nxf6 9. 0-0 cxd4 10. cxd4 Bd6 11. b3 0-0 12. Bb2 Bd7 13. Re1 Qb6 14. Rc1 Rae8 15. h3 Re7 16. Bb1 Qd8 17. Ne5 Be8 18. Ndf3 Qb6 19. a3 Bxe5 20. Nxe5 Nxe5 21. dxe5 Nd7 22. Bd4 Qd8 23. Qg4 b6 24. Rc3 Nc5 25. Rec1 Ne4 26. Rc8 Qd7 27. Bxe4 dxe4 28. Qxe4 Bg6 29. Rxf8+ Kxf8 30. Qf3+ Kg8 31. Qe3 h6 32. f3 Kh7 33. a4 Qd5 34. Bb2 Rd7 35. Ba3 Rb7 36. Bd6 a5 37. Rc8 b5 38. Kh2 bxa4 39. bxa4 Rb2 40. Rc7 Qa2 41. Qg1 Qxa4 42. Rc1 Qf4+ 43. Kh1 Bf5 44. Rf1 a4 45. Qh2 Qc4 46. Rg1 Qb3 47. Qg3 a3 48. Bf8 Bg6 49. h4 h5 50. Qg5 Rb1 51. Qe7 1/2-1/2

[Event "Nizami Ganjavi 880 years U17"]
[Site "Tornelo INT"]
[Date "2021.04.04"]
[Round "9.10"]
[White "Hasanov, Rza"]
[Black "Oim, Mikk Kaarel"]
[Result "1-0"]
[WhiteElo "1247"]
[BlackElo "1180"]
[PlyCount "103"]
[EventDate "2021.04.02"]
[EventType "team-swiss (blitz)"]
[EventRounds "9"]
[EventCountry "AZE"]
[SourceTitle "EXT 2023"]
[Source "ChessBase"]
[SourceDate "2022.10.05"]
[SourceVersion "1"]
[SourceVersionDate "2022.10.05"]
[SourceQuality "1"]
[WhiteTeam "Nakhchivan"]
[BlackTeam "Estonia"]
[WhiteTeamCountry "AZE"]
[BlackTeamCountry "EST"]

1. e4 e5 2. Nf3 Nc6 3. d4 exd4 4. Nxd4 Bc5 5. Be3 Qf6 6. c3 Nge7 7. f4 Qg6 8. Qf3 d6 9. Nd2 Bg4 10. Qg3 f5 11. Bd3 Bxd4 12. cxd4 fxe4 13. Bxe4 Bf5 14. Qxg6+ Bxg6 15. Bxg6+ Nxg6 16. Nf3 0-0-0 17. Kd2 Rde8 18. Rhe1 Rhf8 19. g3 h6 20. Re2 d5 21. Ne5 Ngxe5 22. fxe5 g5 23. Rf2 Kd7 24. Raf1 Rxf2+ 25. Rxf2 Re6 26. Rf7+ Ne7 27. Rh7 Kc6 28. Ke2 Nf5 29. Kf3 Re7 30. Rxe7 Nxe7 31. Kg4 Kd7 32. h4 gxh4 33. gxh4 Nc6 34. Kh5 Ke6 35. Kxh6 Ne7 36. Kg5 Nf5 37. Bf2 Ne7 38. h5 Kf7 39. h6 b6 40. b4 c6 41. Bg3 a6 42. e6+ Kg8 43. Bd6 Nc8 44. Be5 Kh7 45. Bg7 b5 46. Kf6 c5 47. dxc5 d4 48. e7 Nxe7 49. Kxe7 d3 50. Bc3 Kg6 51. Bd2 Kh7 52. Kd6 1-0

[Event "Nizami Ganjavi 880 years U17"]
[Site "Tornelo INT"]
[Date "2021.04.04"]
[Round "7.9"]
[White "Juracak, David"]
[Black "Oim, Mikk Kaarel"]
[Result "1-0"]
[WhiteElo "1660"]
[BlackElo "1180"]
[PlyCount "57"]
[EventDate "2021.04.02"]
[EventType "team-swiss (blitz)"]
[EventRounds "9"]
[EventCountry "AZE"]
[SourceTitle "EXT 2023"]
[Source "ChessBase"]
[SourceDate "2022.10.05"]
[SourceVersion "1"]
[SourceVersionDate "2022.10.05"]
[SourceQuality "1"]
[WhiteTeam "Czech Republic"]
[BlackTeam "Estonia"]
[WhiteTeamCountry "CZE"]
[BlackTeamCountry "EST"]

1. d4 Nf6 2. c4 g6 3. Nf3 Bg7 4. Nc3 d6 5. e3 0-0 6. Be2 Nbd7 7. 0-0 e5 8. Re1 Nh5 9. dxe5 dxe5 10. e4 f5 11. exf5 gxf5 12. Nxe5 Nxe5 13. Bxh5 Nxc4 14. Qb3 Qd4 15. Nb5 Qc5 16. Na3 b5 17. Be3 Qc6 18. Bf3 Qe6 19. Bxa8 Nxe3 20. Qxe3 Qxe3 21. Rxe3 f4 22. Bd5+ Kh8 23. Rb3 Bd7 24. Rc1 c6 25. Bxc6 Rc8 26. Nxb5 Bxc6 27. Nxa7 Re8 28. Nxc6 Bf6 29. Rb8 1-0